Arte Bra (Record no. 1497)

MARC details
000 -LEADER
campo de control de longitud fija 00679nam a2200145 4500
008 - DATOS DE LONGITUD FIJA--INFORMACIÓN GENERAL
campo de control de longitud fija 709.81 M929r
020 ## - NÚMERO INTERNACIONAL ESTÁNDAR DEL LIBRO
Número Internacional Estándar del Libro 9788577340453
082 ## - NÚMERO DE LA CLASIFICACIÓN DECIMAL DEWEY
Número de clasificación 709.81
Número de ítem M929r
100 ## - ENTRADA PRINCIPAL--NOMBRE DE PERSONA
Nombre de persona Mourão, Raul
9 (RLIN) 6401
245 ## - MENCIÓN DEL TÍTULO
Título Arte Bra
260 ## - PUBLICACIÓN, DISTRIBUCIÓN, ETC.
Lugar de publicación, distribución, etc. Rio de Janeiro
Nombre del editor, distribuidor, etc. Casa da Palavra Produção Editorial
Fecha de publicación, distribución, etc. 2007
300 ## - DESCRIPCIÓN FÍSICA
Extensión 176 p.
Otras características físicas ill (col)
Dimensiones 20.5 x 13.5 cm
505 ## - NOTA DE CONTENIDO CON FORMATO
Título Apresentação
Mención de responsabilidad Luiza Mello
Título A gentil arte de burlar
Mención de responsabilidad Paulo Henkerhoff
Título Os signos ásperos
Mención de responsabilidad Agnaldo Farias
Título Pequenas Frações
Mención de responsabilidad Paulo Venancio Filho
Título Textos do artista
-- Entrevista
-- Cronologia
-- Referências bibliográficas
650 ## - PUNTO DE ACCESO ADICIONAL DE MATERIA--TÉRMINO DE MATERIA
Subdivisión general arte contemporáneo
-- Brasil
-- arte - pintura
-- arte - crítica e interpretación
-- Mourão, Raul
9 (RLIN) 6402
Holdings
Estatus retirado Estado de pérdida Fuente del sistema de clasificación o colocación Estado de daño No para préstamo Biblioteca de origen Biblioteca actual Ubicación en estantería Fecha de adquisición Total de préstamos Signatura topográfica completa Código de barras Visto por última vez Precio de reemplazo Tipo de ítem Koha
    Clasificación Decimal Dewey     Biblioteca LadoV Biblioteca LadoV   14/06/2018   709.81 M929r 001082 14/06/2018 14/06/2018 Material 01